000 00605nam a2200193Ia 4500
005 20250326141946.0
008 250326s9999 xx 000 0 und d
020 _a92-2-106343-7
037 _aTextbook
040 _aFMSL
_beng
_cFMSL
041 _aeng
_2eng
084 _aX9B M8
_qFMSL
100 _aLoucks Kenneth
_9130393
245 0 _aTraining enterpreneurs for small business creations : Lessons from experience series No. 26
_cLoucks Kenneth
260 _aGeneva
_bGeneva, International labour office
_c1988
300 _axi,137
942 _cTB
_hX9B M8
999 _c1292789
_d1292789